000 00228nam a2200097Ia 4500
008 240331s9999 xx 000 0 und d
082 _bAri
100 _aTamil University. ed
245 0 _aAriviyal Kalanchiyam :
_bPart I
942 _cL
999 _c3265
_d3265